Станции метро Салатовой ветки Москвы - Statistics

General Stats
  • This quiz has been taken 42 times
  • The average score is 21 of 26
Answer Stats
Название % Correct
Марьина Роща
100%
Селигерская
97%
Трубная
97%
Физтех
94%
Петровско-Разумовская
94%
Достоевская
94%
Окружная
90%
Зябликово
90%
Лианозово
87%
Яхромская
87%
Сретенский бульвар
87%
Чкаловская
84%
Дубровка
84%
Люблино
84%
Верхние Лихоборы
81%
Печатники
81%
Римская
77%
Марьино
77%
Бутырская
74%
Фонвизинская
71%
Шипиловская
71%
Братиславская
68%
Борисово
68%
Крестьянская Застава
65%
Кожуховская
65%
Волжская
61%
No matching quizzes found
Score Distribution
Percent of People with Each Score
Percentile by Number Answered
Your Score History
You have not taken this quiz